Warrior Cats: Leaders of all Clans - Statistics

General Stats
  • This quiz has been taken 1,045 times
  • The average score is 14 of 24
Answer Stats
Hint Answer % Correct
ThunderClan Firestar
98%
ThunderClan Bluestar
97%
ThunderClan Bramblestar
84%
WindClan Tallstar
82%
ShadowClan Tigerstar
82%
RiverClan Crookedstar
80%
RiverClan Leopardstar
80%
RiverClan Mistystar
77%
ThunderClan Pinestar
76%
ShadowClan Blackstar
73%
WindClan Onestar
72%
ShadowClan Brokenstar
71%
SkyClan Leafstar
69%
ThunderClan Sunstar
69%
ShadowClan Nightstar
59%
ShadowClan Raggedstar
49%
RiverClan Hailstar
43%
SkyClan Cloudstar
42%
WindClan Heatherstar
42%
ThunderClan Redstar
23%
ShadowClan Dawnstar
10%
RiverClan Birchstar
8%
ShadowClan Ceaderstar
7%
WindClan Swiftstar
6%
No matching quizzes found
Score Distribution
Percent of People with Each Score
Percentile by Number Answered
Your Score History
You have not taken this quiz